Statistics for 2.2. Tudor History - Henry VII's Foreign Policy (COMPLETE)

Click here to take the quiz!

General Stats

  • This quiz has been taken 71 times
  • The average score is 13 of 48

Answer Stats

HintAnswer% Correct
Which country also protected Henry and provided him with troops and financial aid?France
83%
Henry's eldest son and heirPrince Arthur
81%
Henry's next eldest son (and third child)Prince Henry
73%
...Marries Catherine of Aragon in ____1501
69%
Which country harboured Henry for 14 years?Brittany
69%
...Dies in ____1502
67%
...Marries Catherine of Aragon in ____1509
67%
Spanish monarchs that marry in 1469 to unify Castille and AragonFerdinand of Aragon
65%
...AndIsabella of Castille (died in 1504)
60%
Henry's youngest daughter (and fourth child)Princess Mary
60%
Henry's oldest daughter (and 2nd child)Princess Margaret
56%
Alliance between France and Scotland (Anti-England)Auld Alliance
52%
Elizabeth of York's (Henry's wife) death (date)1503
31%
League of Cambrai is formed (date)1508
23%
...Date1489
19%
...Date1492
19%
...Date1497
19%
...Wedding dowry200,000 Crowns
19%
Crisis where French King was to be married to Duke of Brittany's daughter, which would end Brittany's independence from FranceBreton Crisis
19%
...Date1488
17%
James III of Scotland dies, leaving 15 year-old James IV as King (date)1488
17%
...Date1489
17%
Scotland invades England in support of Perkin Warbeck (date)1496
17%
...Not enforced until1497
17%
...Date1506
17%
Peace treaty between England and Scotland, James IV drops support for Perkin WarbeckTreaty of Ayton
17%
Ended an English invasion of France, launched in order to stop France's support for the pretender Perkin Warbeck. France agreed to expel Warbeck and pay England an indemnity of £159,000. Terms also included the English accepting French control of Brittany, and France not supporting pretendersTreaty of Etaples
17%
Trade deal with France, removing all restrictions between their trade (date)1486
15%
...Dies in ____1500
15%
Ends trade embargo, with Margaret's acceptance of the Tudor succession a condition of the treaty. Philip was also keen to secure English help against France, very favourable conditions for English merchants, granted reciprocal trade privileges to English, established fixed dutiesIntercursus Magnus
15%
First treaty by Henry himselfTreaty of Medina del Campo (Reduction of tariffs between Spain and England, uniting of policy against France, marriage between Prince Arthur and Catherine of Aragon)
15%
In ____, a treaty was signed that provided for English wool to be imported into Pisa, the main port of Florence. At the same time, Henry restricted the sale of wool to the Venetians. Fearing that they would lose out to Florence in the wool trade in that area, the Venetian government lifted import duties on English goods. This enabled English merchants to carry out more trade with the wealthiest Mediterranean state.1490
13%
...Not formally ratified by Henry until1490 (Treaty of Woking)
13%
...Date1502 (broken in 1513)
13%
Henry's youngest childPrince Edmund
13%
Philip of Burgundy is shipwrecked on England. Henry removed all duties from English textile exports without recipricacy. Henry to be married to Philip's sister, Margaret. Drop of Burgundian support for Edmund de la Pole securedIntercursus Malus
10%
Agreement to end intermittent fighting between England and Scotland, marriage of Margaret Tudor (Henry VII's daughter) to James IVTreaty of Perpetual Peace
10%
Henry sent 6000 English troops to fight (at the expense of Brittany) under the command of Lord DaubeneyTreaty of Redon
10%
...Date - date1489 - 1492
8%
Margaret of Burgundy receives Perkin Warbeck at her court, allows him to stay and supports his cause with 2000 mercenaries1493
8%
...Date1496
8%
1489 treaty with Denmark that gave English fishers the right to fish in _________ watersIcelandic
8%
...Date1489
6%
...Agreed to marry Charles, heir to Spanish throne and likely next Emperor1507
6%
English trade embargo on Burgundy for Margaret of Burgundy's support for Perkin Warbeck (date - date)1493 - 1496
4%
Treaty between HRE and EnglandTreaty of Dordrecht (Alliance to protect the Bretons)
4%
First treaty concerning Henry's foreign policyTreaty of Sable (Brittany becomes a vassalage of France)
4%
Size of army led into France by Henry himself to force France to sue for peace on English terms26,000
2%

Score Distribution

Percentile by Number Answered

Percent of People with Each Score

Your Score History

You have not taken this quiz